00609nam a2200181Ia 4500952013300000999001700133003000400150005001700154008004100171040000900212082001800221100002000239245007500259260002900334300000900363650001200372942004300384 00102ddc40708HISTORYaMESbMEScHISd2019-02-20g245.00l0o909.07 ART/Mp13762r2019-02-20 00:00:00w2019-02-20yBKzGL42R4 c35507d35507OSt20200701151333.0190216s9999||||xx |||||||||||||| ||und|| coclc a909.07bART/M aArtz, F B93425 0aMind Of The Middle Ages:bAn Historical Survey AD 200-1500 /cF B Artz bA S Publications,c1952. a584p aHistory cREF2ddch909.07iART/Mk909.07mART/M